000 00386nam a2200169Ia 4500
008 230711s9999||||xx |||||||||||||| ||und||
020 _a978-0-143-0304-8
041 _aENG
082 _a800
_bTU-I
100 _aTully,Mark
245 0 _aIndia in slow motion
250 _a1st Ed.
260 _c2002
_aNew Delhi
_bPenguin Books
300 _a302
650 _aLiterature
942 _cBK
999 _c5321
_d5321